Régimen fiscal de Hacienda : (Record no. 125724)

MARC details
000 -LEADER
campo de control de longitud fija 00847nam a2200253 i 4500
001 - NÚMERO DE CONTROL
campo de control 125724
003 - IDENTIFICADOR DE NÚMERO DE CONTROL
campo de control ES-MaACL
005 - FECHA Y HORA DE LA ÚLTIMA TRANSACCIÓN
campo de control 20250827063222.0
007 - CAMPO FIJO DE DESCRIPCIÓN FÍSICA--INFORMACIÓN GENERAL
campo de control de longitud fija t|
008 - DATOS DE LONGITUD FIJA--INFORMACIÓN GENERAL
campo de control de longitud fija 070214e1958 sp |rl 00|10 spa
080 ## - NÚMERO DE LA CLASIFICACIÓN DECIMAL UNIVERSAL
Número de la Clasificación Decimal Universal 351.713(460)"19"
080 ## - NÚMERO DE LA CLASIFICACIÓN DECIMAL UNIVERSAL
Número de la Clasificación Decimal Universal 351.713:336.2(460)"19"
245 00 - MENCIÓN DEL TÍTULO
Título Régimen fiscal de Hacienda :
Resto del título tributaciones : Ley de Reforma Tributaria e instrucciones y disposiciones complementarias de los impuestos
260 ## - PUBLICACIÓN, DISTRIBUCIÓN, ETC.
Lugar de publicación, distribución, etc. Valencia :
Nombre del editor, distribuidor, etc. Régimen,
Fecha de publicación, distribución, etc. 1958
300 ## - DESCRIPCIÓN FÍSICA
Extensión 242 páginas ;
Dimensiones 22 cm
630 #0 - PUNTO DE ACCESO ADICIONAL DE MATERIA--TÍTULO UNIFORME
Título uniforme Ley de Reforma Tributaria
9 (RLIN) 242096
650 #4 - PUNTO DE ACCESO ADICIONAL DE MATERIA--TÉRMINO DE MATERIA
Término de materia o nombre geográfico como elemento de entrada Impuestos-
Subdivisión geográfica España
9 (RLIN) 13634
650 #4 - PUNTO DE ACCESO ADICIONAL DE MATERIA--TÉRMINO DE MATERIA
Término de materia o nombre geográfico como elemento de entrada Derecho fiscal-
Subdivisión geográfica España
9 (RLIN) 11709
655 #4 - TERMINO DE INDIZACIÓN--GENERO/FORMA
Datos o término principal de género/forma Legislación
9 (RLIN) 226283
852 4# - LOCALIZACIÓN
Ubicación ES-MaACL
Sublocalización o colección R.43090
Ubicación en estantería Ficheros
Número de control de estantería C-15399
942 ## - ELEMENTOS DE ENTRADA SECUNDARIOS (KOHA)
Fuente del sistema de clasificación o colocación Clasificación decimal universal
Tipo de ítem Koha Libro impreso
Suprimir en OPAC No
Holdings
Estatus retirado Estado de pérdida Estado de daño No para préstamo Biblioteca de origen Biblioteca actual Ubicación en estantería Fecha de adquisición Fuente de adquisición Total de préstamos Signatura topográfica completa Código de barras Visto por última vez Precio de reemplazo Tipo de ítem Koha
        Biblioteca del Ateneo de Madrid Biblioteca del Ateneo de Madrid Ficheros 17/01/2008     C-15399 1130968 23/02/2023 23/02/2023 Libro impreso